UK History Picture Quiz - H - Statistics

General Stats
  • This quiz has been taken 384 times
  • The average score is 11 of 15
Answer Stats
Picture Hint Answer % Correct
King that had 6 wives {Henry} VIII
100%
Celebration with it's roots in Pagan Festivals Halloween
97%
Physicist diagnosed with motor neurone disease in 1963 Stephen {Hawking}
96%
1066 battle depicted on the Bayeaux Tapestry Battle of {Hastings}
93%
London department store founded in 1849 Harrods
89%
Admiral that died at the Battle of Trafalgar {Horatio} Nelson
89%
1902 novel featuring Sherlock Holmes {Hound} of the Baskervilles
89%
Cpt James Cook was killed on this island in 1779 Hawai'i
71%
1970's PM known as a keen yachtsman Edward {Heath}
67%
1989 disaster at this Sheffield stadium Hillsborough
65%
Rowing event first held in 1839 {Henley} Royal Regatta
55%
Queens bodyguard regiment with roots back to 1660 {Household} Cavalry
45%
Gypsy Gathering held in Appleby since 1775 {Horse} Fair
40%
British ferry that capsized in Zeebrugge in 1987 {Herald} of Free Enterprise
39%
1982 Eurovision host town Harrogate
34%
No matching quizzes found
Score Distribution
Percent of People with Each Score
Percentile by Number Answered
Your Score History
You have not taken this quiz